Слитки серебра мерные. Технические словия по ГОСТ 51784-2001; Справочник. Инженерный журнал; № 3

Détails bibliographiques
Parent link:Справочник. Инженерный журнал: научно-технический и производственный журнал.— , 2000-.— 0203-347X
№ 3.— 2002.— С. 5-7
Langue:russe
Publié: 2002
Collection:Материалы. Зарубежные аналоги
Sujets:
Format: MixedMaterials Chapitre de livre
KOHA link:https://koha.lib.tpu.ru/cgi-bin/koha/opac-detail.pl?biblionumber=384025

MARC

LEADER 00000naa2a2200000 4500
001 384025
005 20231101063213.0
035 |a (RuTPU)RU\TPU\prd\10234 
090 |a 384025 
100 |a 20030129a2002 k y0rusy50 ca 
101 0 |a rus 
102 |a RU 
200 1 |a Слитки серебра мерные. Технические словия по ГОСТ 51784-2001 
225 1 |a Материалы. Зарубежные аналоги 
461 1 |0 (RuTPU)RU\TPU\prd\1723  |x 0203-347X  |t Справочник. Инженерный журнал  |o научно-технический и производственный журнал  |d 2000- 
463 1 |0 (RuTPU)RU\TPU\prd\3067  |t № 3  |v С. 5-7  |d 2002 
610 1 |a серебро 
610 1 |a слитки мерные 
610 1 |a технические условия 
801 1 |a RU  |b 63413507  |c 20030129  |g PSBO 
801 2 |a RU  |b 63413507  |c 20140115  |g RCR 
942 |c BK